000 00415nam a22001697a 4500
005 20230112115839.0
008 200225b xxu||||| |||| 00| 0 eng d
020 _a81-239-0969-1
041 _aeng
100 _aVARLEY, HAROLD
_95120
245 _aPRACTICAL CLINICAL BIOCHEMISTRY
250 _a4th Ed.
260 _aNEW DELHI
_bCBS
_c1969
300 _a802p,
650 _aPHARMACY
_xB.PHARMA
_97083
942 _cBK
999 _c6026
_d6024